Rubens: paintings and drawings

Сохранить в:
Библиографические подробности
Формат:
Язык:английский
Опубликовано: Londres George Allen and Unwin 1939
Предметы:
Метки: Добавить метку
Нет меток, Требуется 1-ая метка записи!

MARC

LEADER 00000nam a2200000 a 4500
001 UCT3713
003 CL-VaPUC
008 961024e19390000UK |||||||||||||||||eng|d
082 0 4 |a 759.04  |b RUB  |2 21 
245 1 0 |a Rubens: paintings and drawings 
300 |a 302 p 
942 |c BK 
945 |d 19961024 00:00:00  |a nastorga 
260 |a Londres  |b George Allen and Unwin  |c 1939 
600 0 |a Rubens, Pedro Pablo   |d 1577-1640  |9 340397 
650 0 |a Pintura flamenca  |9 319201 
650 7 |a PINTORES FLAMENCOS  |2 CL-VaPUC  |9 372704 
650 0 |a Renacimiento  |9 255107 
583 |a last modification  |c 19961024 00:00:00  |k Rodrigo Vera 
999 |c 253269  |d 253267 
952 |0 0  |1 0  |4 0  |6 759_040000000000000_RUB_1939  |7 0  |8 A  |9 273941  |a BIBARQ  |b BIBARQ  |d 2019-11-19  |i 324539K  |o 759.04 RUB 1939  |p 324539K  |r 2025-01-20  |w 2019-11-19  |y BK  |k ARQ